书目信息 |
| 题名: |
二萜化学
|
|
| 作者: | 孙汉董 主编 | |
| 分册: | ||
| 出版信息: | 北京 化学工业出版社 2012.01 |
|
| 页数: | 414页 | |
| 开本: | 26cm | |
| 丛书名: | 天然产物化学丛书 | |
| 单 册: | ||
| 中图分类: | O629.6 | |
| 科图分类: | ||
| 主题词: | 二萜--研究 , 二萜 | |
| 电子资源: | ||
| ISBN: | 978-7-122-12139-4 | |
| 000 | 01006oam2 2200277 450 | |
| 001 | 010010088342 | |
| 005 | 20130701093250.90 | |
| 010 | @a978-7-122-12139-4@dCNY98.00 | |
| 100 | @a20120305d2012 em y0chiy0110 ea | |
| 101 | 0 | @achi |
| 102 | @aCN@b110000 | |
| 105 | @ay z 001yy | |
| 106 | @ar | |
| 200 | 1 | @a二萜化学@9er tie hua xue@f孙汉董主编 |
| 210 | @a北京@c化学工业出版社@d2012.01 | |
| 215 | @a414页@d26cm | |
| 225 | 2 | @a天然产物化学丛书 |
| 300 | @a国家科学技术学术著作出版基金资助出版 | |
| 330 | @a本书系统阐述了二萜类化合物的主要研究内容和发展动态,并充分展示了该类化合物结构和活性的多样性与特征性。根据二萜化合物的结构大类,即链状及相关二萜,双环二萜,三环二萜,四环二萜,紫杉烷二萜和大环及其它类型二萜,每一类自成章节分别论述。 | |
| 461 | 0 | @12001 @a天然产物化学丛书@1035 @a(A100000NLC)003744676 |
| 606 | 0 | @a二萜@x研究 |
| 606 | 0 | @a二萜 |
| 690 | @aO629.6@v5 | |
| 701 | 0 | @a孙汉董@9sun han dong@f(1939~)@4主编 |
| 801 | 0 | @aCN@bNLC@c20120521 |
| 905 | @b544864-67@dO629.6@e15@f4 | |
| 二萜化学/孙汉董主编.-北京:化学工业出版社,2012.01 |
| 414页;26cm.-(天然产物化学丛书) |
| 国家科学技术学术著作出版基金资助出版 |
| ISBN 978-7-122-12139-4:CNY98.00 |
| 本书系统阐述了二萜类化合物的主要研究内容和发展动态,并充分展示了该类化合物结构和活性的多样性与特征性。根据二萜化合物的结构大类,即链状及相关二萜,双环二萜,三环二萜,四环二萜,紫杉烷二萜和大环及其它类型二萜,每一类自成章节分别论述。 |
| ● |
| 相关链接 |
|
|
|
|
正题名:二萜化学
索取号:O629.6/15
 
预约/预借
| 序号 | 登录号 | 条形码 | 馆藏地/架位号 | 状态 | 备注 |
| 1 | 544864 | 205448648 | 第二样本阅览室/ [索取号:O629.6/15] | 在馆 | |
| 2 | 544865 | 205448657 | 第三借阅区/ [索取号:O629.6/15] | 在馆 | |
| 3 | 544866 | 205448666 | 第三借阅区/ [索取号:O629.6/15] | 在馆 | |
| 4 | 544867 | 205448675 | 密集书库-化学系/ [索取号:O629.6/15] | 在馆 |